000 01570nam0a22003251 4500
001 rc\4148166
005 20260407063155.0
021 _aRU
_b[47-13622]
035 _a(NLR Aleph) 007991264
090 _a8580906
_c8580906
100 _a20130415d1947 |||y0rusy50 ca
101 0 _arus
102 _aRU
105 _aa z ||||b
200 1 _aИосиф Виссарионович Сталин
_eКраткая биография
_fСост.: Александров Г.Ф., Галактионов М.Р., Кружков В.С. [и др.]
_gИн-т Маркса-Энгельса-Ленина при ЦК ВКП(б)
205 _a2-е изд., испр. и доп.
210 _aМосква
_cГосполитиздат
_d1947
_gОбразцовая тип.
215 _a243 с., 14 л. ил.
_d20
702 1 _4220
_7ca
_8rus
_aГалактионов
_bМ. Р.
_cгос. деятель
_f1897-1948
_gМихаил Романович
_9190905
_3RU\NLR\AUTH\770190956
702 1 _4570
_8rus
_7ca
_aСталин
_bИ. В.
_f1879-1953
_gИосиф Виссарионович
_3RU\NLR\AUTH\773464
_9113460
702 1 _aКружков
_bВ. С.
_4220
702 1 _4220
_8rus
_7ca
_aАлександров
_bГ. Ф.
_cфилософ, гос. деятель
_f1908-1961
_gГеоргий Федорович
_3RU\NLR\AUTH\7713373
_9123063
712 0 2 _aИнститут Маркса-Энгельса-Ленина (Москва)
801 0 _aRU
_bNLR
_gpsbo
801 1 _aRU
_bELAR
_2rusmarc
852 _aNLR
_jМ20 Г-3/29
852 _aNLR
_j86/С-76
942 _cBOOK
980 _aNB